000 00197 a2200097 4500
001 25536
100 _aMarkus, J
245 _aTelevision Servicing
260 _a
_bMcgraw
_c
090 _c17260
_d17260
942 _aNUST-CAE
_cM
_c8070
999 _c260609
_d260609